书目信息 |
| 题名: |
印刷油墨
|
|
| 作者: | 李凌霄 著 | |
| 分册: | ||
| 出版信息: | 台北 世界文物出版社 1988.07 |
|
| 页数: | 157页 | |
| 开本: | 20cm | |
| 丛书名: | ||
| 单 册: | ||
| 中图分类: | TS802.3 | |
| 科图分类: | ||
| 主题词: | 印刷工业 , 印刷 | |
| 电子资源: | ||
| ISBN: | ||
| 000 | 00537nam0 2200205 450 | |
| 001 | 0637979047 | |
| 005 | 20061125103918.03 | |
| 010 | @dCNY26.40 | |
| 100 | @a20061125d1988 km y0chiy0120 ea | |
| 101 | 0 | @achi |
| 102 | @aCN@b710000 | |
| 200 | 1 | @a印刷油墨@Ayin shua you mo@f李凌霄著@Fli ling xiao zhu |
| 210 | @a台北@c世界文物出版社@d1988.07 | |
| 215 | @a157页@c图表@d20cm | |
| 606 | 0 | @a印刷工业 |
| 606 | 0 | @a印刷 |
| 690 | @aTS802.3@v3 | |
| 701 | 0 | @a李凌霄@Ali ling xiao@4著 |
| 801 | 0 | @aCN@bPFT@c20061125 |
| 905 | @a10447@dTS802.3@e23 | |
| 印刷油墨/李凌霄著.-台北:世界文物出版社,1988.07 |
| 157页:图表;20cm |
| ISBN :CNY26.40 |
| ● |
| 相关链接 |
|
|
|
|
正题名:印刷油墨
索取号:TS802.3/23
 
预约/预借
| 序号 | 登录号 | 条形码 | 馆藏地/架位号 | 状态 | 备注 |
| 1 | 0262328 | 202124263 | 第二样本阅览室/ [索取号:TS802.3/23] | 在馆 |